000 00371pab a2200157 454500
008 180718b1997 xxu||||| |||| 00| 0 eng d
100 _aPal, R.M.
245 _aPunjab police and the recent demand for immunity
260 _c1997
300 _ap.5-6
362 _a6 Jul
650 _aPolice - India - Punjab
650 _aPolice
773 _aJanata
909 _a34864
999 _c34864
_d34864